Govt. of
Madhya Pradesh

विवेकानंद और राष्‍ट्रवाद (Record no. 56533)

MARC details
000 -LEADER
fixed length control field 00538nam a22001457a 4500
003 - CONTROL NUMBER IDENTIFIER
control field MACL
005 - DATE AND TIME OF LATEST TRANSACTION
control field 20170614123436.0
008 - FIXED-LENGTH DATA ELEMENTS--GENERAL INFORMATION
fixed length control field 170614b xxu||||| |||| 00| 0 eng d
040 ## - CATALOGING SOURCE
Transcribing agency MACL
100 ## - MAIN ENTRY--PERSONAL NAME
Personal name गुप्‍त मेजर डॉ परशुराम
9 (RLIN) 67464
245 ## - TITLE STATEMENT
Title विवेकानंद और राष्‍ट्रवाद
260 ## - PUBLICATION, DISTRIBUTION, ETC. (IMPRINT)
Place of publication, distribution, etc. नईदिल्‍ली
Name of publisher, distributor, etc. प्रतिभा प्रतिष्‍ठान
Date of publication, distribution, etc. 2015
650 ## - SUBJECT ADDED ENTRY--TOPICAL TERM
Topical term or geographic name as entry element बाल साहित्‍य
9 (RLIN) 55186
942 ## - ADDED ENTRY ELEMENTS (KOHA)
Source of classification or shelving scheme
Koha item type Books
Holdings
Withdrawn status Lost status Source of classification or shelving scheme Damaged status Not for loan Home library Current library Date acquired Cost, normal purchase price Total Checkouts Full call number Barcode Date last seen Date last checked out Price effective from Koha item type
          MACL MACL 14/06/2017 200.00 4 741.642 CRH032842 13/04/2018 24/03/2018 14/06/2017 Books